Khảo sát mối quan tâm và nhận thức về đổi mới phương pháp dạy học của học sinh và giáo viên bộ môn tiếng Anh trường THPT chuyên Thăng Long, Đà lạt /
Đã lưu trong:
| 主要作者: | |
|---|---|
| 格式: | Bài viết |
| 語言: | Vietnamese |
| 標簽: |
添加標簽
沒有標簽, 成為第一個標記此記錄!
|
| Thư viện lưu trữ: | Thư viện Trường Đại học Đà Lạt |
|---|
| LEADER | 00892nam a2200229 4500 | ||
|---|---|---|---|
| 001 | DLU120137780 | ||
| 005 | ##20120720 | ||
| 040 | # | # | |a DLU |b vie |
| 041 | # | # | |a vie |
| 044 | # | # | |a vn |
| 100 | # | # | |a Huỳnh Quang Minh. |
| 245 | # | # | |a Khảo sát mối quan tâm và nhận thức về đổi mới phương pháp dạy học của học sinh và giáo viên bộ môn tiếng Anh trường THPT chuyên Thăng Long, Đà lạt / |c Huỳnh Quang Minh. |
| 773 | # | # | |t Nâng cao hiệu quả kiến tập và thực tập sư phạm( kỷ yếu hội thảo khoa học trường Đại học Đà Lạt) |g 2011, tr. 90-101 |
| 920 | # | # | |a Phòng Tạp chí -- Trung tâm Thông tin - Thư viện Trường Đại học Đà Lạt |
| 994 | # | # | |a DLU |
| 900 | # | # | |a True |
| 911 | # | # | |a Nguyễn Huyền Anh |
| 925 | # | # | |a G |
| 926 | # | # | |a A |
| 927 | # | # | |a BB |
| 980 | # | # | |a Thư viện Trường Đại học Đà Lạt |